Návrh mobilnej aplikácie pre systém diaľkového monitorovania včelích úľov

Salvato in:
Dettagli Bibliografici
Autore principale: Čarnogurská, Nikola (Autore)
Altri autori: Gallo, Ondrej (Relatore della tesi)
Natura: Manoscritto Libro
Lingua:slovacco
Pubblicazione: 2018
Soggetti:
Accesso online:http://is.stuba.sk/zp/portal_zp.pl?podrobnosti=123653
Tags: Aggiungi Tag
Nessun Tag, puoi essere il primo ad aggiungerne!!

MARC

LEADER 00000ntm a22000003a 4500
001 stuzp66411
003 SK-STU
005 20181128114533.4
007 ta
008 150427s2015----xo-----f-mn---000-0-slo-d
040 |a STU  |b slo 
041 0 |a slo 
044 |a xo 
100 1 |a Čarnogurská, Nikola  |u 035000  |4 aut  |U FEI Fakulta elektrotechniky a informatiky  |T FEI Ústav informatiky a matematiky  |X 80292  |U E050  |Y 816  |7 80292 
242 0 1 |a Mobile application design for remote monitoring of bee hives  |y eng 
245 1 0 |a Návrh mobilnej aplikácie pre systém diaľkového monitorovania včelích úľov 
260 |c 2018 
300 |a 51 s.,  |b DVD 
650 4 |a bee hives monitoring  |2 eng 
650 4 |a IoT  |2 eng 
650 4 |a cross-platform develepment  |2 eng 
650 4 |a mobile application  |2 eng 
650 4 |a monitorovanie včelích úľov  |2 slo 
650 4 |a multiplatformový vývoj  |2 slo 
650 4 |a mobilná aplikácia  |2 slo 
650 4 |a IoT  |2 slo 
700 1 |a Gallo, Ondrej  |u 035000  |k Z1  |4 ths  |U FEI Fakulta elektrotechniky a informatiky  |T FEI Ústav informatiky a matematiky  |X 27473  |U E050  |Y 816  |7 A000027473 
856 4 |u http://is.stuba.sk/zp/portal_zp.pl?podrobnosti=123653 
996 |b 284ER02759  |c E*Bc- 2759  |l EE35  |s P  |a 0  |w stuzp66411_0001